000 00404nam a2200145Ia 4500
008 100204s9999 xx 000 0 und d
082 _b16958
100 _aकाळे व. पु.
245 _aहंुकार
260 _b"राजा प्रकाशन , मुबई"
_c1986 2
300 _a149
630 _aहंुकार
730 _aहंुकार
942 _cBOOK
999 _c461381
_d461378